[Event "RUS-chT2"]
[Site "Sochi"]
[Date "2016.05.07"]
[Round "6.11"]
[White "Tenikashvili, Georgij"]
[Black "Sshedrin, Ilya"]
[Result "1-0"]
[WhiteElo "2319"]
[BlackElo "2150"]
[PlyCount "75"]
[EventDate "2016.05.01"]
[EventType "team-swiss"]
[EventRounds "9"]
[EventCountry "RUS"]
[SourceTitle "EXT 2018"]
[Source "ChessBase"]
[SourceDate "2017.10.13"]
[SourceVersion "1"]
[SourceVersionDate "2017.10.13"]
[SourceQuality "1"]
[WhiteTeam "Vladikavkaz Alanya"]
[BlackTeam "Kursk YuZGU"]
[WhiteTeamCountry "RUS"]
[BlackTeamCountry "RUS"]

1. d4 Nf6 2. c4 e6 3. Nf3 Bb4+ 4. Nbd2 b6 5. e3 Bb7 6. Bd3 Bxd2+ 7. Bxd2 Ne4 8. 0-0 d6 9. Qc2 f5 10. d5 exd5 11. cxd5 Bxd5 12. Nd4 Nxd2 13. Qxd2 Qg5 14. f4 Qf6 15. Bxf5 0-0 16. e4 Bf7 17. Rae1 Bc4 18. e5 Qe7 19. Bxh7+ Kxh7 20. Qc2+ g6 21. Qxc4 dxe5 22. Rxe5 Qf7 23. Ne6 Kg8 24. Qe4 Na6 25. Nxf8 Rxf8 26. Re7 Qf6 27. Re6 Qf5 28. Rxg6+ Kh7 29. Qxf5 Rxf5 30. Rg5 Rf7 31. Rf3 Rf6 32. Rh3+ Rh6 33. Rxh6+ Kxh6 34. g3 c5 35. a3 Nc7 36. Re5 Nb5 37. b4 Nd4 38. bxc5 1-0

[Event "RUS-chT2"]
[Site "Sochi"]
[Date "2016.05.03"]
[Round "3.11"]
[White "Zaika, Daniil"]
[Black "Sshedrin, Ilya"]
[Result "0-1"]
[WhiteElo "2077"]
[BlackElo "2150"]
[PlyCount "69"]
[EventDate "2016.05.01"]
[EventType "team-swiss"]
[EventRounds "9"]
[EventCountry "RUS"]
[SourceTitle "EXT 2018"]
[Source "ChessBase"]
[SourceDate "2017.10.13"]
[SourceVersion "1"]
[SourceVersionDate "2017.10.13"]
[SourceQuality "1"]
[WhiteTeam "Desnogorsk Atom"]
[BlackTeam "Kursk YuZGU"]
[WhiteTeamCountry "RUS"]
[BlackTeamCountry "RUS"]

1. d4 Nf6 2. Nf3 e6 3. Bf4 b6 4. e3 Bb7 5. Bd3 Nh5 6. Bg3 d6 7. Nbd2 Nd7 8. a4 a6 9. c4 Be7 10. Qc2 h6 11. 0-0 Nxg3 12. hxg3 c5 13. a5 Rc8 14. axb6 Qxb6 15. Qa4 Ra8 16. dxc5 dxc5 17. Ne5 Qc7 18. f4 Rd8 19. Ndf3 0-0 20. Rad1 Nxe5 21. Nxe5 Bf6 22. Ng4 Bxb2 23. Qb3 Bf6 24. Nxf6+ gxf6 25. Bb1 Ba8 26. g4 Rxd1 27. Qxd1 Rd8 28. Qc2 Qb7 29. Qh7+ Kf8 30. Qxh6+ Ke7 31. e4 Qb2 32. g5 f5 33. g6 Qd4+ 34. Rf2 Qf6 35. exf5 0-1

[Event "RUS-chT2"]
[Site "Sochi"]
[Date "2016.05.01"]
[Round "1.6"]
[White "Palchun, Grigory"]
[Black "Sshedrin, Ilya"]
[Result "1-0"]
[WhiteElo "2320"]
[BlackElo "2150"]
[PlyCount "107"]
[EventDate "2016.05.01"]
[EventType "team-swiss"]
[EventRounds "9"]
[EventCountry "RUS"]
[SourceTitle "EXT 2018"]
[Source "ChessBase"]
[SourceDate "2017.10.13"]
[SourceVersion "1"]
[SourceVersionDate "2017.10.13"]
[SourceQuality "1"]
[WhiteTeam "St Petersburg SHSH"]
[BlackTeam "Kursk YuZGU"]
[WhiteTeamCountry "RUS"]
[BlackTeamCountry "RUS"]

1. d4 Nf6 2. Nf3 e6 3. Bf4 b6 4. e3 Bb7 5. h3 c5 6. c3 Nc6 7. Nbd2 Be7 8. Bd3 0-0 9. 0-0 cxd4 10. exd4 Nd5 11. Bh2 a6 12. a4 f5 13. Nc4 f4 14. Qc2 h6 15. Nce5 Nxe5 16. Nxe5 Bd6 17. Bh7+ Kh8 18. Ng6+ Kxh7 19. Nxf8+ Kg8 20. Ng6 Qg5 21. h4 Qg4 22. f3 Qh5 23. Rfe1 Kf7 24. Ne5+ Bxe5 25. dxe5 Rg8 26. c4 Ne7 27. Rad1 Bc6 28. b4 b5 29. axb5 axb5 30. cxb5 Bd5 31. b6 Qxh4 32. Qf2 Qxf2+ 33. Kxf2 g5 34. Bg1 Rb8 35. Ke2 Nc6 36. Bc5 Rb7 37. Kf2 Kg6 38. Ra1 Kf5 39. Ra8 Bc4 40. Rf8+ Kg6 41. Rf6+ Kg7 42. Bf8+ Kg8 43. Bxh6 Rxb6 44. Rh1 Nxe5 45. Rf8+ Kh7 46. Bxg5+ Kg7 47. Bh6+ Kg6 48. Bxf4 Nd3+ 49. Kg3 Rxb4 50. Rh4 Kg7 51. Bd6 Ra4 52. Rg4+ Kh7 53. Rf7+ Kh8 54. Be7 1-0

[Event "Geller Memorial op-A 6th"]
[Site "Odessa"]
[Date "2010.08.29"]
[Round "9"]
[White "Sshedrin, Ilya"]
[Black "Reshetkov, Kirill"]
[Result "0-1"]
[WhiteElo "2160"]
[BlackElo "2192"]
[PlyCount "103"]
[EventDate "2010.08.21"]
[EventType "swiss"]
[EventRounds "9"]
[EventCountry "UKR"]
[SourceTitle "CBM 138 Extra"]
[Source "ChessBase"]
[SourceDate "2010.10.29"]
[SourceVersion "1"]
[SourceVersionDate "2010.10.29"]
[SourceQuality "1"]

1. e4 Nf6 2. e5 Nd5 3. c4 Nb6 4. c5 Nd5 5. d4 d6 6. cxd6 cxd6 7. Nf3 Nc6 8. Bc4 Nb6 9. Bb5 Bd7 10. exd6 e6 11. Bg5 f6 12. Bf4 Nd5 13. Bd2 Bxd6 14. Nc3 Qb6 15. Qe2 0-0 16. 0-0 Rfe8 17. a4 a6 18. a5 Qc7 19. Ba4 Rad8 20. Nxd5 exd5 21. Qd3 Bg4 22. Bc2 g6 23. Bc3 Nb4 24. Bxb4 Bxb4 25. Ra4 Bf8 26. h3 Bd7 27. h4 Bb5 28. Qd2 Bxf1 29. Kxf1 b5 30. Ra1 Qd7 31. h5 Qg4 32. hxg6 hxg6 33. Ng1 f5 34. g3 Bg7 35. Rd1 Kh7 36. Kg2 Bh6 37. Qb4 f4 38. Rd3 Rc8 39. Qb3 Rc4 40. Nf3 fxg3 41. Ne5 Rxe5 42. Rxg3 Qxd4 43. Qf3 Qf4 44. Bxg6+ Kh8 45. Qa3 Qf6 46. b3 b4 47. Qa4 Rf4 48. Qa2 Rg5 49. Qc2 Qxg6 50. Qe2 Rxg3+ 51. fxg3 Rf8 52. Qd1 0-1

[Event "Geller Memorial op-A 6th"]
[Site "Odessa"]
[Date "2010.08.22"]
[Round "2"]
[White "Tihonov, Gennady"]
[Black "Sshedrin, Ilya"]
[Result "0-1"]
[WhiteElo "1956"]
[BlackElo "2160"]
[PlyCount "112"]
[EventDate "2010.08.21"]
[EventType "swiss"]
[EventRounds "9"]
[EventCountry "UKR"]
[SourceTitle "CBM 138 Extra"]
[Source "ChessBase"]
[SourceDate "2010.10.29"]
[SourceVersion "1"]
[SourceVersionDate "2010.10.29"]
[SourceQuality "1"]

1. d4 Nf6 2. c4 e6 3. g3 Bb4+ 4. Bd2 Qe7 5. Bg2 Nc6 6. e3 0-0 7. Ne2 e5 8. 0-0 Re8 9. d5 Nb8 10. a3 Bxd2 11. Qxd2 a5 12. Nbc3 Na6 13. d6 Qe6 14. dxc7 Qxc4 15. Bd5 Qxc7 16. Rac1 d6 17. Bg2 Nc5 18. Na4 e4 19. Rfd1 Qe7 20. Nxc5 dxc5 21. Qd6 Bg4 22. Kf1 Rac8 23. Qxe7 Rxe7 24. Rd6 Kf8 25. Nc3 Bd7 26. Ke1 Rc6 27. Rcd1 Rxd6 28. Rxd6 Bc6 29. Bh3 Re5 30. Bg2 Ke7 31. Rd2 Re6 32. Bf1 Rd6 33. Rxd6 Kxd6 34. Bc4 Ke7 35. Ke2 Ng4 36. h3 Ne5 37. Bb3 Nd3 38. Bc2 Nxb2 39. Bxe4 Bxe4 40. Nxe4 b6 41. Nc3 Kd6 42. e4 Ke5 43. Ke3 Nc4+ 44. Kd3 Nxa3 45. f4+ Ke6 46. Nd5 b5 47. Nc3 b4 48. Na4 c4+ 49. Kd4 c3 50. Nc5+ Ke7 51. Kd3 f6 52. h4 h5 53. Ke3 Nc4+ 54. Kd3 Nd2 55. Kc2 Nf1 56. Kb3 Nxg3 0-1

[Event "Kiev Independence Cup-A 8th"]
[Site "Kiev"]
[Date "2008.08.21"]
[Round "9"]
[White "Sshedrin, Ilya"]
[Black "Golubka, Petr"]
[Result "1/2-1/2"]
[WhiteElo "1969"]
[BlackElo "2296"]
[PlyCount "104"]
[EventDate "2008.08.13"]
[EventType "swiss"]
[EventRounds "11"]
[EventCountry "UKR"]
[SourceTitle "CBM 126 Extra"]
[Source "ChessBase"]
[SourceDate "2008.11.05"]
[SourceVersion "1"]
[SourceVersionDate "2008.11.05"]
[SourceQuality "1"]

1. e4 c5 2. Nf3 e6 3. d4 cxd4 4. Nxd4 Nf6 5. f3 a6 6. c4 Qc7 7. Be3 d5 8. exd5 exd5 9. Nc3 Nbd7 10. Qe2 Qxc4 11. Qxc4 dxc4 12. Bxc4 Ne5 13. Be2 Bb4 14. Kf2 0-0 15. Rhd1 Re8 16. Bg5 Bxc3 17. bxc3 Neg4+ 18. Kg1 h6 19. Bxf6 Nxf6 20. c4 Nd7 21. Kf2 Nc5 22. Nb3 Na4 23. Rac1 Be6 24. c5 Rac8 25. Rd4 Bxb3 26. axb3 Rxc5 27. Bc4 b5 28. bxa4 Rec8 29. axb5 axb5 30. Bxf7+ Kxf7 31. Rd7+ Kf6 32. Rxc5 Rxc5 33. Rb7 Rc2+ 34. Kg3 Rb2 35. h4 h5 36. Kf4 Rb4+ 37. Ke3 Kg6 38. g4 hxg4 39. fxg4 Rxg4 40. Rxb5 Rxh4 41. Kf2 Kh6 42. Kg2 g5 43. Rb8 Ra4 44. Rb1 Ra3 45. Kh2 Kh5 46. Kg2 Kh4 47. Kh2 Ra2+ 48. Kg1 g4 49. Rc1 Rb2 50. Ra1 Kh3 51. Ra3+ g3 52. Ra1 Rc2 1/2-1/2

[Event "Kiev Independence Cup-A 8th"]
[Site "Kiev"]
[Date "2008.08.19"]
[Round "7"]
[White "Sshedrin, Ilya"]
[Black "Melnichuk, Mikhail"]
[Result "1/2-1/2"]
[WhiteElo "1969"]
[BlackElo "2290"]
[PlyCount "93"]
[EventDate "2008.08.13"]
[EventType "swiss"]
[EventRounds "11"]
[EventCountry "UKR"]
[SourceTitle "CBM 126 Extra"]
[Source "ChessBase"]
[SourceDate "2008.11.05"]
[SourceVersion "1"]
[SourceVersionDate "2008.11.05"]
[SourceQuality "1"]

1. e4 c5 2. Nf3 g6 3. d4 cxd4 4. Nxd4 Bg7 5. c4 Nc6 6. Be3 Nf6 7. Nc3 d6 8. Be2 0-0 9. 0-0 Bd7 10. Qd3 Nxd4 11. Bxd4 Bc6 12. b4 b6 13. a3 Nd7 14. Bxg7 Kxg7 15. f4 Qc7 16. Rad1 Rfd8 17. Nd5 Bxd5 18. cxd5 Rac8 19. Qd4+ Kg8 20. Ba6 Ra8 21. Rc1 Qb8 22. a4 b5 23. a5 Nf6 24. Rc6 Rd7 25. Rc8+ Qxc8 26. Bxc8 Rxc8 27. e5 Rc4 28. Qe3 dxe5 29. Qxe5 Re4 30. Qb8+ Kg7 31. Qxb5 Rxd5 32. Qb8 a6 33. Qb7 Rd2 34. h3 Nd5 35. Kh2 Rxb4 36. Qxa6 Rbb2 37. Rg1 Ra2 38. Qb5 Nf6 39. Qb4 Rd7 40. Qc3 Rd5 41. Re1 Rdd2 42. Rg1 Rdc2 43. Qe5 e6 44. Kh1 Re2 45. Qc5 Rec2 46. Qe5 Re2 47. Qc3 1/2-1/2

[Event "Kiev Independence Cup-A 8th"]
[Site "Kiev"]
[Date "2008.08.14"]
[Round "2"]
[White "Kovaliova, Valeria"]
[Black "Sshedrin, Ilya"]
[Result "0-1"]
[WhiteElo "2055"]
[BlackElo "1969"]
[PlyCount "98"]
[EventDate "2008.08.13"]
[EventType "swiss"]
[EventRounds "11"]
[EventCountry "UKR"]
[SourceTitle "CBM 126 Extra"]
[Source "ChessBase"]
[SourceDate "2008.11.05"]
[SourceVersion "1"]
[SourceVersionDate "2008.11.05"]
[SourceQuality "1"]

1. d4 Nf6 2. c4 e6 3. Nc3 Bb4 4. Qc2 0-0 5. Nf3 c5 6. dxc5 Na6 7. a3 Bxc3+ 8. Qxc3 Nxc5 9. e3 b6 10. b4 Nce4 11. Qc2 Bb7 12. Bb2 Rc8 13. Bd3 d5 14. Qe2 dxc4 15. Bxc4 Qe7 16. 0-0 Rfd8 17. Rac1 h6 18. h3 Rc7 19. Rc2 Bc6 20. Bb3 Bd5 21. Rfc1 Rxc2 22. Qxc2 Bxb3 23. Qxb3 Nd2 24. Nxd2 Rxd2 25. Bc3 Rd5 26. a4 Ne4 27. Bd4 Qh4 28. Qb2 Rg5 29. f3 Nd6 30. Qf2 Qxh3 31. e4 Qh5 32. Rc7 f5 33. Be3 Rg6 34. e5 Nf7 35. Bf4 Ng5 36. Kf1 Qh1+ 37. Ke2 Nh3 38. gxh3 Rg2 39. Rxa7 Rxf2+ 40. Kxf2 Qb1 41. b5 Qb2+ 42. Kg3 Qd4 43. h4 Qg1+ 44. Kh3 Qf2 45. Bg3 Qxf3 46. Kh2 f4 47. Bxf4 Qxf4+ 48. Kg2 Qxe5 49. Ra6 Qd4 0-1